Flags of Argentine Provinces - Statistics

General Stats
  • This quiz has been taken 49 times
  • The average score is 11 of 24
Answer Stats
Picture Answer % Correct
Buenos Aires
83%
Santa Fe
74%
Tierra del Fuego
71%
Entre Rios
63%
Buenos Aires
60%
Santa Cruz
60%
Salta
54%
Cordoba
51%
Misiones
49%
Rio Negro
49%
Tucuman
46%
Catamarca
40%
La Rioja
40%
Mendoza
40%
Jujuy
37%
Chubut
34%
Santiago del Estero
34%
San Luis
29%
Formosa
26%
San Juan
26%
Chaco
23%
Corrientes
23%
La Pampa
23%
Neuquen
23%
No matching quizzes found
Score Distribution
Percent of People with Each Score
Percentile by Number Answered
Your Score History
You have not taken this quiz